000 00667nam a2200289Ia 4500
005 20260324124626.0
008 008 260324s9999 xx 000 0 eng d
020 _a9780203862155
037 _aEBOOK
040 _aCRL
040 _beng
040 _cCRL
041 _2eng
041 _aeng
084 _qCRL
100 _aEsther Milne
_91174880
245 0 _aLetters, Postcards, Email
245 0 _bTechnologies of Presence
260 _bTaylor and Francis
260 _c2010
365 _a
365 _b230
856 _uhttp://www.taylorfrancis.com/books/9780203862155
942 _cEBOOK
999 _c1769410
_d1769410